| 000 | 00486nam a2200181Ia 4500 | ||
|---|---|---|---|
| 001 | 8997 | ||
| 005 | 20260306160651.0 | ||
| 008 | 260306t2010||||xx |||||||||||||| ||spa|| | ||
| 041 | _aESP | ||
| 082 |
_a372.21 _bM96 |
||
| 100 |
_aMuñoz Sandoval, Aurora _eAUT |
||
| 245 | 0 |
_aDesarrollo de las competencias básicas en educación infantil: _bPropuestas y ejemplificaciones didácticas |
|
| 260 | _c2010 | ||
| 300 |
_a _c |
||
| 650 | _aGEN | ||
| 654 | _aCED | ||
| 942 |
_cLIB _dJUS _fJUS _2ddc _n |
||
| 999 |
_c8997 _d8997 |
||